000 00311nam a22001217a 4500
005 20250821100627.0
008 250821b |||||||| |||| 00| 0 eng d
082 _a005
_bALE-W
100 _aAlexander Maitland
245 _aWilfred Thesiger: The Life of the Great Explorer
650 _aOther Books
999 _c37062
_d37062